First aid for colleges and universities / (Record no. 10917)

MARC details
000 -LEADER
fixed length control field 01318cam a2200313 a 4500
001 - CONTROL NUMBER
control field 14665223
005 - DATE AND TIME OF LATEST TRANSACTION
control field 20070502092343.0
008 - FIXED-LENGTH DATA ELEMENTS--GENERAL INFORMATION
fixed length control field 061211s2008 caua 001 0 eng
010 ## - LIBRARY OF CONGRESS CONTROL NUMBER
LC control number 2006101113
020 ## - INTERNATIONAL STANDARD BOOK NUMBER
International Standard Book Number 9780805346251 (alk. paper)
020 ## - INTERNATIONAL STANDARD BOOK NUMBER
International Standard Book Number 0805346252 (alk. paper)
035 ## - SYSTEM CONTROL NUMBER
System control number (OCoLC)ocm76967275
035 ## - SYSTEM CONTROL NUMBER
System control number (OCoLC)76967275
040 ## - CATALOGING SOURCE
Original cataloging agency DLC
Transcribing agency DLC
Modifying agency YDX
-- BAKER
-- BTCTA
-- YDXCP
-- DLC
050 00 - LIBRARY OF CONGRESS CALL NUMBER
Classification number RC86.7
Item number .H339 2008
082 00 - DEWEY DECIMAL CLASSIFICATION NUMBER
Classification number 616.0252
Edition number 22
Item number FIR NR
245 00 - TITLE STATEMENT
Title First aid for colleges and universities /
Statement of responsibility, etc Keith J. Karren ... [et al.].
250 ## - EDITION STATEMENT
Edition statement 9th ed.
260 ## - PUBLICATION, DISTRIBUTION, ETC. (IMPRINT)
Place of publication, distribution, etc San Francisco :
Name of publisher, distributor, etc Pearson/Benjamin Cummings,
Date of publication, distribution, etc c2008.
300 ## - PHYSICAL DESCRIPTION
Extent xviii, 541 p. :
Other physical details ill. (chiefly col.) ;
Dimensions 28 cm.
500 ## - GENERAL NOTE
General note Includes index.
650 #0 - SUBJECT ADDED ENTRY--TOPICAL TERM
Topical term or geographic name as entry element First aid in illness and injury.
9 (RLIN) 20535
650 #0 - SUBJECT ADDED ENTRY--TOPICAL TERM
Topical term or geographic name as entry element Medical emergencies.
9 (RLIN) 20536
700 1# - ADDED ENTRY--PERSONAL NAME
Personal name Karren, Keith J.
9 (RLIN) 20537
856 41 - ELECTRONIC LOCATION AND ACCESS
Materials specified Table of contents only
Uniform Resource Identifier <a href="http://www.loc.gov/catdir/toc/ecip076/2006101113.html">http://www.loc.gov/catdir/toc/ecip076/2006101113.html</a>
942 ## - ADDED ENTRY ELEMENTS (KOHA)
Source of classification or shelving scheme Dewey Decimal Classification
Item type NB - Book (Non borrowing)
Holdings
Withdrawn status Item status Source of classification or shelving scheme Damaged status Not for loan Vendor Home library Current library Shelving location Date acquired Cost, normal purchase price Serial Enumeration / chronology Total Checkouts Full call number Barcode Date last seen Date last borrowed Koha item type
    Dewey Decimal Classification     Academic Bookshop Central Library Central Library First floor 22/02/2009 212.00 328 42 616.0252 FIR NR 000039617 15/07/2025 23/12/2021 Book - Borrowing